| 000 | 00507nam a2200205Ia 4500 | ||
|---|---|---|---|
| 003 | GCL | ||
| 008 | 140319s9999 xx 000 0 eng d | ||
| 040 |
_aGCL / _cGCL |
||
| 082 | 0 | 4 |
_a131 _bY I |
| 100 | 1 | _aYOO, HEONG GAP | |
| 245 | 1 | 0 |
_aIF YOU ASK ME ABOUT LIFE / _cYOO, HEONG GAP |
| 700 | 1 | _aCABRAL, DAVID | |
| 260 |
_a[S.N] : _bBOPKYONG PUBLISHING CO. ، _c1986 |
||
| 300 | _a225 P | ||
| 650 | 0 | 4 | _aLIFE |
| 650 | 0 | 4 | _aRELATIONSHIP |
| 650 | 0 | 4 | _aPHILOSOPHY |
| 650 | 0 | 4 | _aBIOGRAPHY |
| 942 |
_2ddc _cBK |
||
| 999 |
_c12504 _d12504 |
||